| 000 | 01031nac a22002891u 4500 | ||
|---|---|---|---|
| 003 | EG-ScBUE | ||
| 005 | 20220320123824.0 | ||
| 008 | 090318r19811969enkb f 000 0 eng d | ||
| 020 | _a0140442146 | ||
| 040 |
_aEG-ScBUE _beng _erda _cEG-ScBUE _dEG-ScBUE |
||
| 082 | 0 | 4 |
_a875.01 _bSEL _222 |
| 245 | 0 | 0 |
_aSelected political speeches of Cicero / _btranslated with an introduction by Michael Grant. |
| 250 | _aReprinted edition. | ||
| 264 | 1 |
_aMiddlesex, England : _bPenguin Books, _c1981. |
|
| 300 |
_a335 pages : _bmaps ; _c19 cm. |
||
| 336 |
_2rdacontent _atext _btxt |
||
| 337 |
_2rdamedia _aunmediated _bn |
||
| 338 |
_2rdacarrier _avolume _bnc |
||
| 490 | 0 | _aPenguin classics | |
| 600 | 1 | 7 |
_aCicero, Marcus Tullius _xTranslations into English. _2BUEsh |
| 650 | 7 |
_aSpeeches, addresses, etc., Latin _xTranslations into English. _2BUEsh |
|
| 651 | 7 |
_aRome _xPolitics and government _vSources. _2BUEsh |
|
| 653 |
_bHHUUEENN _cMarch2022 |
||
| 655 |
_vReading book _934232 |
||
| 942 |
_cBB _2ddc |
||
| 999 |
_c3018 _d3018 |
||